"Új bort új tömlőbe!": a hegyi beszéd és a morálteológia : [konferenciakötet]
| Main Author: | |
|---|---|
| Corporate Author: | |
| Contributors: | |
| Format: | Print Book |
| Language: | Hungarian |
| Subito Delivery Service: | Order now. |
| Check availability: | HBZ Gateway |
| Book acquisition: | Drawer...
|
| Interlibrary Loan: | Interlibrary Loan for the Fachinformationsdienste (Specialized Information Services in Germany) |
| Published: |
Budapest
L'Harmattan Kiadó
2018
|
| In: | Year: 2018 |
| Series/Journal: | Sapientia Füzetek
31 |
| Standardized Subjects / Keyword chains: | B
Hungary
/ Holy See (motif)
/ Bergpredigt
/ Moral theology
|
| Further subjects: | B
Bible. Matthew Congresses
B Psychology and religion Congresses B Sermon on the Mount Congresses B Christian Ethics Congresses |
MARC
| LEADER | 00000cam a22000002c 4500 | ||
|---|---|---|---|
| 001 | 1693639971 | ||
| 003 | DE-627 | ||
| 005 | 20251226182844.0 | ||
| 007 | tu | ||
| 008 | 200331s2018 hu ||||| 00| ||hun c | ||
| 010 | |a 2018375903 | ||
| 020 | |a 9789634143888 |9 978-963-414-388-8 | ||
| 035 | |a (DE-627)1693639971 | ||
| 035 | |a (DE-599)KXP1693639971 | ||
| 040 | |a DE-627 |b ger |c DE-627 |e rda | ||
| 041 | |a hun | ||
| 044 | |c XA-HU | ||
| 050 | 0 | |a BT380.3 | |
| 082 | 0 | |a 200.9 |q DE-604 |2 22/ger | |
| 084 | |a 1 |2 ssgn | ||
| 111 | 2 | |a "Új Bort Új Tömlőbe!" (Conference) |d (2017 |c Sapientia Szerzetesi Hittudományi Főiskola (Budapest, Hungary)) |j VerfasserIn |4 aut | |
| 192 | |a 1 | ||
| 245 | 1 | 0 | |a "Új bort új tömlőbe!" |b a hegyi beszéd és a morálteológia : [konferenciakötet] |c szerkesztette, Papp Miklós és Vida Mária |
| 264 | 1 | |a Budapest |b L'Harmattan Kiadó |c 2018 | |
| 300 | |a 170 pages |c 18 cm | ||
| 336 | |a Text |b txt |2 rdacontent | ||
| 337 | |a ohne Hilfsmittel zu benutzen |b n |2 rdamedia | ||
| 338 | |a Band |b nc |2 rdacarrier | ||
| 490 | 0 | |a Sapientia Füzetek |v 31 | |
| 500 | |a "Füzetünk a Sapientia Szerzetesi Hittudományi Főiskola által 2017. március 18-án rendezett tudományos konferencia előadásainak szerkesztett szövegeit tartamazza."--Verso title page | ||
| 500 | |a Includes bibliographical references | ||
| 630 | 2 | 0 | |a Bible |p Matthew |v Congresses |
| 650 | 0 | |a Sermon on the Mount |v Congresses | |
| 650 | 0 | |a Christian Ethics |v Congresses | |
| 650 | 0 | |a Psychology and religion |v Congresses | |
| 689 | 0 | 0 | |d g |0 (DE-588)4078541-5 |0 (DE-627)104826150 |0 (DE-576)209209097 |2 gnd |a Ungarn |
| 689 | 0 | 1 | |d b |0 (DE-588)2009545-4 |0 (DE-627)101659261 |0 (DE-576)191644501 |2 gnd |a Katholische Kirche |
| 689 | 0 | 2 | |d u |0 (DE-588)4005687-9 |0 (DE-627)106380249 |0 (DE-576)208862331 |a Bergpredigt |2 gnd |
| 689 | 0 | 3 | |d s |0 (DE-588)4074972-1 |0 (DE-627)106087797 |0 (DE-576)209195916 |2 gnd |a Moraltheologie |
| 689 | 0 | |5 DE-101 | |
| 700 | 1 | |8 1\p |e VerfasserIn |e HerausgeberIn |0 (DE-588)1172304475 |0 (DE-627)1041109474 |0 (DE-576)514497424 |4 aut |4 edt |a Papp, Miklós |d 1972- | |
| 700 | 1 | |a Vida, Mária |e HerausgeberIn |4 edt | |
| 883 | |8 1\p |a cgwrk |d 20241001 |q DE-101 |u https://d-nb.info/provenance/plan#cgwrk | ||
| 935 | |a mteo | ||
| 951 | |a BO | ||
| BIR | |a 01005000_01007999,03006020_03006049 |b biblesearch | ||
| ELC | |b 1 | ||
| LOK | |0 000 xxxxxcx a22 zn 4500 | ||
| LOK | |0 001 3723245498 | ||
| LOK | |0 003 DE-627 | ||
| LOK | |0 004 1693639971 | ||
| LOK | |0 005 20200710105632 | ||
| LOK | |0 008 200710||||||||||||||||ger||||||| | ||
| LOK | |0 035 |a (DE-Tue135)BVBBV045189824 | ||
| LOK | |0 040 |a DE-Tue135 |c DE-627 |d DE-Tue135 | ||
| LOK | |0 092 |o n | ||
| LOK | |0 852 |a DE-Tue135 | ||
| LOK | |0 852 1 |9 00 | ||
| LOK | |0 935 |a bsbo | ||
| LOK | |0 939 |a 10-07-20 |b l01 | ||
| ORI | |a SA-MARC-ixtheoa001.raw | ||
| REL | |a 1 | ||
| STA | 0 | 0 | |a Holy See (motif),Catholic church,Catholic Church,Catholic Church,Former pilgrimage church Saint Ottilia,Hungary,Hungary,Hungary,Northeastern Hungary,Moral theology,Catholic ethics,Ethics,Christian ethics |
| STB | 0 | 0 | |a Hongrie,Saint-Siège (motif),Église catholique,Église catholique,Théologie morale,Théologie morale |
| STC | 0 | 0 | |a Hungría,Movimiento juvenil católico,Teología moral |
| STD | 0 | 0 | |a Chiesa cattolica,Teologia morale,Ungheria |
| STE | 0 | 0 | |a 匈牙利,天主教会,罗马公教,道德神学,伦理神学 |
| STF | 0 | 0 | |a 匈牙利,天主教會,羅馬公教,道德神學,倫理神學 |
| STG | 0 | 0 | |a Hungria,Igreja católica,Teologia moral |
| STH | 0 | 0 | |a Венгрия (мотив),Католическая церковь (мотив),Моральное богословие |
| STI | 0 | 0 | |a Ηθική θεολογία,Καθολική Εκκλησία (μοτίβο),Ουγγαρία (μοτίβο) |
| SUB | |a REL | ||
| SYG | 0 | 0 | |a Ungarische Räterepublik,Königreich Ungarn,Die Länder der ungarischen Krone,Transleithanien,Magyarország,Magyar Köztársaság,Magyar Tanácsköztársaság,Government of the Hungarian Republic,Zemalja Ugarske Krune,VNR,Ungern,Ungarische Republik,Republik Ungarn,Ungarische Volksrepublik,Volksrepublik Ungarn,Magyar Népköztársaság,Hungary,Hungarian Republic,Hongrie,Vengerskaja Narodnaja Respublika,Hungarian People's Republic,HPR,République Populaire Hongroise,Ungarische VR,Republic of Hungary,Vengrija , Katolikus Egyház,RCC,Katoličeskaj Cerkovʹ,Katoličke Cerkve,Katolska Cyrkej,Katolske Kirke,Ecclesia Catholica,Igreja Católica,Römisch-Katholische Kirche,Katholikē Ekklēsia,Catholic Church,Roman Catholic Church,Eglise Catholique,Eglise Catholique Romaine,Chiesa Cattolica,Katholieke Kerk,Iglesia Católica,Katolické Církve,Kościoł Katolicki,Katoličke Crkve,Eglise catholique romaine,Chiesa cattolica romana,Roman catholic Church,Eglise catholique,Römische Kirche , Eglise catholique,Roman Catholic Church,Catholic Church , Ehemalige Wallfahrtskirche Sankt Ottilia , Feldrede,Bibel,Lukasevangelium,6,20-49,Bibel,Matthäusevangelium,5-7 , Katholische Ethik,Katholische Moraltheologie,Katholische Sittenlehre,Katholisch-Theologische Ethik |
| TIM | |a 100019181116_100020261231 |b 1918-11-16 - 2026 | ||



